zpět

Detail výsledku týmu

Bowling pub, Vyškov

Datum a čas kvízu

34.5 Celkem bodů Celkový počet nahraných bodů na tomto kvízu bez doplňovacích otázek.
2. Pořadí na kvízu Konečné umístění týmu na tomto kvízu.

Zaznamenané odpovědi

# Otázka Odpověď Body Výsledky
1. Průměrná mzda v České republic... 1A 2B 3D 4C 0
2. Taxikář Jorge ze španělského m... jezdí v sukni 0
3. Minulý týden se vrátil do kin... Hana Brejchová 1
4. V pondělí skončil po osmnácti... iTunes 1
5. Minulý týden jsme se dozvěděli... HC Verva Litvínov, HC Sparta Praha 1
6. Na každé písmeno abecedy exist... geologie 1
5. Tentokrát nás bude zajímat náz... genealogie 1
8. Uveďte název nauky o určování... geochronologie 0
5. Jak se nazývá nauka o vztahu k... gastronomie 0
5. Jaký je název lékařského oboru... geriatrie 1